Aparición, auge y declinación de un movimiento social: las asambleas vecinales y populares de Buenos Aires, 2001-2003 /
Guardado en:
| Hovedforfatter: | |
|---|---|
| Format: | Texto |
| Fag: | |
| Tags: |
Tilføj Tag
Ingen Tags, Vær først til at tagge denne postø!
|
MARC
| LEADER | 00000 a a2200000 04500 | ||
|---|---|---|---|
| 001 | 16280 | ||
| 003 | |||
| 040 | |||
| 100 | |a Matías Rossi, Federico | ||
| 245 | |a Aparición, auge y declinación de un movimiento social: |b las asambleas vecinales y populares de Buenos Aires, 2001-2003 / |c Federico Matías Rossi | ||
| 650 | |a MOVIMIENTOS SOCIALES | ||
| 650 | |a ACCION COLECTIVA | ||
| 650 | |a ANALISIS SOCIOLOGICO | ||
| 650 | |a ARGENTINA | ||
| 773 | |g número 78; páginas 67-88 | ||
| 999 | |c 22592 |d 22592 | ||
